[Event "SA Candidates"]
[Site "Adelaide"]
[Date "2002.03.19"]
[Round "6.4"]
[White "Lai, Andrew"]
[Black "Schoech, Franz"]
[Result "1-0"]
[WhiteElo "1447"]
[BlackElo "1197"]
[Annotator "Fritz 7 - Anderson-Smith,W"]
[PlyCount "75"]
[EventDate "2002.02.12"]
[EventType "swiss"]
[EventRounds "7"]
[EventCountry "AUS"]

{A00: Irregular Openings} 1. a3 e5 2. c4 Nc6 $146 (2... g6 3. Nc3 (3. d4 Nc6 4.
Nf3 e4 5. Ng5 f5 6. Nc3 Bg7 7. Be3 Nf6 8. f3 O-O 9. Qb3 Qe7 10. fxe4 f4 11. Bg1
h6 12. Nf3 Nxe4 13. Nd5 Qf7 14. O-O-O d6 15. e3 fxe3 16. Nxe3 g5 17. Bd3 Qf4 {
Goemann,J-Gnauk,R/Kassel 1994/GER/1-0 (60)}) 3... Bg7 4. g3 d6 5. Bg2 f5 6. d3
Nf6 7. e3 O-O 8. Nge2 c6 9. O-O Be6 10. f4 Nbd7 11. b4 e4 12. Nd4 Bf7 13. Bb2
Qe7 14. Nb3 Rac8 15. Re1 d5 16. cxd5 cxd5 17. Na4 {
Pritchett,C-Bonner,G/Blackpool 1971/EXT 99/0-1 (46)}) (2... d6 3. e3 (3. Nc3 g6
4. g3 Bg7 5. Bg2 Ne7 6. e3 O-O 7. Nge2 c6 8. O-O Be6 9. d3 Qc8 {
1/2-1/2 Popovic,P-Kurajica,B/Tuzla 1981/MCD (9)}) 3... g6 4. b4 Bg7 5. Bb2 Ne7
6. d3 O-O 7. Nd2 Be6 8. Qc2 a5 9. b5 c5 10. Ngf3 b6 11. Be2 Qc7 12. Ne4 h6 13.
Nc3 d5 14. e4 d4 15. Nd5 Qd6 16. Nd2 Nd7 17. O-O-O {
Votava,J-Blatny,P/Zlin 1997/CBM 61/[Blatny,P]/0-1 (112)}) (2... Nf6 3. Nc3 c6
4. Nf3 e4 5. Nd4 d5 6. cxd5 Qb6 7. e3 cxd5 8. d3 Nc6 9. Nxc6 bxc6 10. dxe4 dxe4
11. Qc2 Bf5 12. Be2 Bd6 13. g4 Bg6 14. g5 Nd7 15. Nxe4 O-O 16. Qa4 Be5 17. O-O
Rfe8 18. Nd2 Nc5 19. Qb4 Bd3 20. Qxb6 axb6 21. Bxd3 Nxd3 22. Nc4 Bc7 23. Rd1
Red8 24. Kf1 b5 25. Nd2 Nc5 26. Ke2 Rd5 27. Nf3 Rxd1 28. Kxd1 Rd8+ 29. Ke2 Nb3
30. Rb1 Ba5 31. e4 Re8 32. e5 f6 33. gxf6 gxf6 34. Bh6 fxe5 35. Nd2 Nd4+ 36.
Kd3 Nf5 37. Nb3 e4+ 38. Ke2 Bc7 39. Be3 Bxh2 40. Rc1 Re6 41. Na5 Be5 42. Rxc6
Rxc6 43. Nxc6 Bxb2 44. Na7 Bxa3 {
1/2-1/2 Eljanov,V-Kalugin,S/Alushta 2000/EXT 2001 (44)}) 3. e3 {Covers d4} d5
4. cxd5 Qxd5 5. Nc3 Qd8 6. Bb5 Bd7 7. Qb3 Be6 (7... Qf6 8. Nf3 $11) 8. Qc2 (8.
Bxc6+ bxc6 9. Qa4 Bd6 $14) 8... Qd7 9. Nf3 a6 $2 (9... Bd6 $142 $11 {
is the best option Black has}) 10. Nxe5 $1 $18 {it's all over} Qd6 (10... Nxe5
{A pinning theme} 11. Bxd7+) 11. Bxc6+ bxc6 12. d4 Nf6 13. Na4 Bd5 14. f3 Nd7
15. Nd3 Rb8 16. b4 (16. Nac5 Nxc5 17. Nxc5 a5 $18) 16... Nb6 (16... Qf6 $18)
17. Nac5 Bc4 18. Ne5 Bd5 19. e4 Be6 (19... f6 20. Ned3 Bc4 21. Be3 $18) 20.
Nxe6 Qxe6 21. Qxc6+ Qxc6 22. Nxc6 Rc8 23. Ke2 g6 24. Be3 Bg7 25. Rac1 Kd7 26.
Rc2 Rhe8 27. Rhc1 f5 (27... Ra8 {does not help much} 28. d5 $18) 28. Na7 (28.
Nb8+ $142 $1 {finishes off the opponent} Ke7 29. Nxa6 Kf8 $18) 28... fxe4 29.
Nxc8 exf3+ 30. Kxf3 Nd5 (30... Rxc8 {otherwise it's curtains at once} 31. Rc6
Rf8+ 32. Bf4 Rxf4+ 33. Kxf4 Bh6+ 34. Ke5 Bxc1 35. Rxc1 c6 $18) 31. Rxc7+ Nxc7
32. Nb6+ Ke6 (32... Kd6 {doesn't change anything anymore} 33. Bf4+ Ke6 34. Rc6+
Kf7 35. Rxc7+ Re7 36. d5 Rxc7 37. Bxc7 $18) 33. Rc6+ Kf7 34. Rxc7+ Kg8 35. Nc4
Rf8+ 36. Ke4 Rf1 (36... Ra8 {doesn't improve anything} 37. d5 $18) 37. d5 Re1
38. d6 (38. d6 Rd1 39. Nd2 $18) 1-0

[Event "SA Candidates"]
[Site "Adelaide"]
[Date "2002.03.19"]
[Round "6.5"]
[White "Peake, Michael"]
[Black "Gibson, Gary"]
[Result "1/2-1/2"]
[WhiteElo "1530"]
[BlackElo "1643"]
[Annotator "Fritz 7 - Anderson-Smith,W"]
[PlyCount "89"]
[EventDate "2002.02.12"]
[EventType "swiss"]
[EventRounds "7"]
[EventCountry "AUS"]

{B10: Caro-Kann: 2 d3 and 2 c4} 1. e4 c6 2. Nf3 $2 d5 3. exd5 cxd5 4. d4 Nf6 5.
Be3 $146 (5. Be2 Bg4 (5... Nc6 6. O-O Bf5 7. Nc3 e6 8. Bf4 a6 9. Re1 Bb4 10.
Bd3 Bg4 11. a3 Bd6 12. Be3 O-O 13. h3 Bh5 14. Be2 Qc7 15. Nd2 Bg6 16. Nb3 b5
17. Bd3 Na5 18. Nxa5 Qxa5 19. a4 b4 20. Ne2 {
Barua,D-Condie,M/Edinburgh 1985/EXT 99/1/2-1/2 (40)}) 6. c3 Bxf3 7. Bxf3 e6 8.
Bf4 Bd6 9. Bxd6 Qxd6 10. Nd2 Nc6 11. O-O O-O 12. Re1 Rfe8 13. Nf1 Rac8 {
1/2-1/2 Turboust,R-Matthes,M/Bad Wildbad 1993/EXT 97 (13)}) (5. Bb5+ Bd7 6.
Bxd7+ Nbxd7 7. O-O e6 8. Nc3 a6 9. Re1 Bd6 10. h3 O-O 11. Bg5 Qc7 12. a3 Rac8
13. Bd2 b5 14. Rc1 Nb6 15. Ne2 Na4 16. Bc3 Bxa3 17. bxa3 Nxc3 18. Nxc3 Qxc3 19.
Qd3 Ne4 {Ghanshyam,G-Garcia,B/ESP 1997/EXT 2001/0-1 (34)}) (5. Bg5 Qb6 6. b3
Ne4 7. Bd3 Bg4 8. Be3 Qb4+ 9. Nbd2 Nc6 10. O-O Nxd2 11. Qxd2 Bxf3 12. c3 Qa5
13. gxf3 e6 14. Kh1 Be7 15. Rg1 Bf6 16. a3 Rc8 17. b4 Qd8 18. Rae1 Qe7 19. f4
Qc7 {Jones,K-Byland,W/Forth Worth 1951/EXT 99/1/2-1/2 (36)}) (5. c4 e6 6. Nc3
Bb4 7. a3 Bxc3+ 8. bxc3 O-O 9. Qc2 h6 10. Bd3 dxc4 11. Bxc4 Qc7 12. Bd3 Nbd7
13. O-O b6 14. Re1 Bb7 15. Ne5 Rac8 16. Nxd7 Qxd7 17. Re3 Kh8 18. Rg3 Bd5 19.
Qe2 Qc7 20. Bd2 Bc4 21. Bxh6 gxh6 22. Bxc4 Rg8 23. Ba6 Rxg3 24. fxg3 Qxc3 25.
Rd1 Rd8 26. Qe5 Kg7 27. Bb7 Rd7 28. Bc6 Qxc6 29. Rf1 {
1-0 Handoko,E-Antonio,R/Jakarta 1994/CBM 41 (29)}) 5... g6 6. Nc3 Bg7 7. Bd3
Nc6 8. O-O O-O 9. Ne2 Bg4 10. Nd2 (10. Ne5 Qb6 $11) 10... Bxe2 (10... Nb4 $5
$15 {might be a viable alternative}) 11. Bxe2 $14 Qc7 12. c3 {Controls b4} a6 {
Prevents intrusion on b5} 13. Rc1 e6 14. Re1 Rac8 15. f3 {Covers e4+g4} Ne7 16.
c4 (16. g3 Nh5 $11) 16... Qd6 (16... dxc4 $142 $5 {should be considered} 17.
Rxc4 Qb6 $17) 17. c5 $11 {This push gains space} Qc7 18. b4 Ra8 19. Nb3 Rfe8
20. a4 Nf5 21. Bf2 e5 (21... Bh6 $142 $5 {is interesting} 22. Rc3 Bf4 $14) 22.
dxe5 $16 Qxe5 (22... Rxe5 23. g4 Ne3 24. Qd3 $16) 23. Bb5 $1 {Discovered attack
} Qc7 $2 (23... axb5 24. Rxe5) 24. Bxe8 Nxe8 25. Qxd5 Rd8 26. Qc4 Be5 27. Rxe5
(27. g3 $142 $18 {and White can already relax}) 27... Qxe5 28. Re1 Qc7 29. Nd4
Neg7 30. Nxf5 Nxf5 31. Qe4 Qd7 32. g4 (32. a5 Ng7 $18) 32... Ng7 $16 33. Qe7
Qd5 34. Qf6 Ne6 35. Be3 (35. Bg3 Qd4+ 36. Qxd4 Rxd4 $16 (36... Nxd4 $2 37. Re7
$18)) 35... Rd7 (35... Qb3 36. Bh6 Rd1 37. Rxd1 Qxd1+ 38. Kf2 Qc2+ 39. Kg3 $11)
36. Bc1 (36. Kg2 $142 $5 h5 37. gxh5 Qxh5 38. Bf4 $16) 36... Qd4+ $11 37. Qxd4
Rxd4 (37... Nxd4 $2 38. Re8+ Kg7 39. Bb2 $18) 38. b5 Rxa4 (38... Nxc5 $4 {
the pawn is indigestible} 39. Re8+ Kg7 40. Bb2 $18) 39. bxa6 Rxa6 40. Be3 Rc6
41. Rb1 Rc7 42. Kf2 Kf8 43. Kg3 Ke7 44. Bf4 Nxf4 45. Kxf4 1/2-1/2

[Event "SA Candidates"]
[Site "Adelaide"]
[Date "2002.03.19"]
[Round "6.6"]
[White "Foggo, Grant"]
[Black "Wright, Bruce"]
[Result "1-0"]
[WhiteElo "1489"]
[BlackElo "1442"]
[Annotator "Fritz 7 - Anderson-Smith,W"]
[PlyCount "37"]
[EventDate "2002.02.12"]
[EventType "swiss"]
[EventRounds "7"]
[EventCountry "AUS"]

{C25: Vienna Game: Alternatives to 2...Nf6} 1. e4 e5 2. Nc3 Nc6 3. f4 exf4 4.
Nf3 g5 5. Bc4 (5. h3 Bg7 6. d4 h5 7. d5 Ne5 8. Nd4 d6 9. Bb5+ Kf8 10. Be2 a6
11. h4 Ng4 12. O-O Be5 13. hxg5 Qxg5 14. Nf3 Qf6 15. a4 Ne7 16. Ra3 Rg8 17. Qe1
h4 18. Nxe5 dxe5 19. Nd1 Qg5 20. Rd3 Nf6 21. Bf3 h3 22. Qc3 Bg4 23. Rd2 Qh4 24.
Bxg4 h2+ 25. Kh1 Nxe4 {0-1 Galego,L-Waddingham,G/Oakham 1986/MCL (25)}) (5. h4
g4 6. Ng5 d6 7. d4 h6 8. Nxf7 Kxf7 9. Bc4+ Kg7 10. Bxf4 Be7 11. O-O Nf6 12. Qd2
g3 13. Bg5 Nxd4 14. Nd5 Ne2+ 15. Bxe2 Nxd5 16. Qxd5 Qe8 17. Bd2 Rf8 18. Bc3+
Kh7 19. Bh5 Rxf1+ 20. Rxf1 {
1-0 Hommerson,P-Klein Douwel,J/Helmondsee 2000/EXT 2001 (20)}) (5. d4 g4 (5...
Bg7 6. d5 Ne5 7. d6 Nxf3+ 8. Qxf3 Be5 9. h4 Bxd6 10. hxg5 Qxg5 11. Nb5 Qg3+ 12.
Qxg3 fxg3 13. Nxd6+ cxd6 14. Bg5 b6 15. O-O-O Bb7 16. Bc4 Rc8 17. Rd4 Rc5 18.
Bd5 Bxd5 19. exd5 f6 20. Bf4 Kf7 21. Bxd6 Ra5 22. Kb1 Ne7 23. Bxe7 Kxe7 24. c4
Rc5 25. Rh6 b5 26. Re4+ Kd8 27. b3 bxc4 28. bxc4 f5 29. Reh4 Kc7 30. Kc2 Ra5
31. a4 Rxa4 32. Kb3 Ra1 33. Rh3 f4 34. Rf6 Rb8+ 35. Kc3 Rc1+ 36. Kd4 Rb4 37.
Rxf4 Rcxc4+ {0-1 Arnason,J-Agdestein,S/Nordic zt 1992/CBM 31 (37)}) 6. Bc4 gxf3
7. O-O d6 8. Qxf3 Be6 9. Bxe6 fxe6 10. Bxf4 Nxd4 11. Qh5+ Kd7 12. Rad1 Qe8 13.
Qxe8+ Kxe8 14. Rxd4 e5 15. Be3 exd4 16. Bxd4 Nf6 17. Bxf6 Rg8 18. Nd5 Kd7 19.
Bd4 Kc6 20. Rf3 Rc8 21. Ra3 Kd7 22. Nf6+ Ke6 23. Nxg8 c5 24. Bf6 Kf7 25. Rg3
Re8 {1-0 Soltis,A-Meetei,A/Calcutta 1986/TD (25)}) 5... g4 6. O-O Bg7 $146 (
6... d5 7. exd5 gxf3 8. Qxf3 Ne5 9. Qe4 Qe7 10. d6 cxd6 11. Nd5 Nf6 12. Nxf6+
Qxf6 13. d4 Qg6 14. Rxf4 Qxe4 15. Rxe4 Bf5 16. Re2 Bg4 17. Re1 f6 18. dxe5 dxe5
19. Be3 a6 20. h3 Bd7 21. Rad1 {
Ujhazi,I-Bratko,I/Dravograd 1963/EXT 2000/1-0 (36)}) (6... gxf3 7. Qxf3 Qg5 8.
Nb5 Bc5+ 9. Kh1 $17) 7. d3 (7. Ne1 f3 8. gxf3 h5 $11) 7... d6 (7... gxf3 8.
Qxf3 Bd4+ 9. Kh1 Bxc3 10. bxc3 $17) 8. Bxf4 (8. Nd2 $142 $15) 8... Nf6 $4 {
forfeits the advantage} (8... gxf3 $142 9. Qxf3 Be6 10. Bxe6 fxe6 11. Bxd6 Kd7
(11... Qxd6 $4 12. Qf7+ Kd8 13. Qxg7 Qd4+ 14. Qxd4+ Nxd4 15. Rf8+ Ke7 16. Rxa8
$18) 12. Qf7+ Nge7 $17 (12... Kxd6 $6 13. Nb5+ Kc5 14. Qxg7 $11)) 9. Nh4 O-O
10. Qd2 Nxe4 {Clearance to allow d8-h4.} 11. Nxe4 (11. dxe4 Qxh4) 11... Qxh4
12. Bg5 Qh5 13. Nf6+ Bxf6 14. Rxf6 (14. Bxf6 $6 Be6 $11) 14... g3 15. h3 Bxh3
$2 (15... Nd4 16. Raf1 Bd7 $18) 16. Rh6 (16. gxh3 $6 Ne5 17. Bh6 Nxc4 18. dxc4
Rfe8 $18) 16... Qg4 17. Rxh3 Nd4 (17... Rae8 {
there is nothing better in the position} 18. Rh4 Qf5 $18) 18. Rh4 Ne2+ (18...
Qf5 {is no salvation} 19. Rf1 Qg6 20. Rxd4 $18) 19. Kh1 (19. Kh1 Qf5 20. Qxe2
$18) 1-0

[Event "SA Candidates"]
[Site "Adelaide"]
[Date "2002.03.26"]
[Round "7.1"]
[White "Oks, Oliver"]
[Black "Dakovic, Goran"]
[Result "1-0"]
[WhiteElo "1804"]
[BlackElo "1692"]
[Annotator "Fritz 7 - Anderson-Smith,W"]
[PlyCount "83"]
[EventDate "2002.02.12"]
[EventType "swiss"]
[EventRounds "7"]
[EventCountry "AUS"]

{C34: King's Gambit Accepted: 3 Nf3: 3...Nf6 and 3...d6} 1. e4 e5 2. f4 exf4 3.
Nf3 d6 4. Bc4 $5 h6 5. d4 g5 6. h4 (6. g3 Bg7 7. O-O Bh3 8. Rf2 (8. Re1 fxg3 9.
hxg3 Nc6 10. c3 Qd7 11. Be3 Nf6 12. Nbd2 Ng4 13. b4 Ne7 14. a4 Nxe3 15. Rxe3
O-O 16. Nh2 d5 17. g4 Bxg4 18. Qxg4 Qxg4+ 19. Nxg4 dxc4 20. Rh3 Kh7 21. e5 Nd5
22. Nxc4 Kg6 23. Na5 Rab8 24. b5 h5 25. Nf2 f5 26. c4 Nf4 27. Re3 g4 28. Rae1
h4 29. d5 Bh6 30. d6 g3 31. Nd3 Ne6 32. Rf3 Bd2 33. Nb3 Bxe1 34. Nxe1 cxd6 35.
exd6 b6 36. Nd3 Rbd8 37. c5 Nxc5 38. Nbxc5 bxc5 39. d7 c4 40. Nc5 Rf6 41. Re3
Rd6 42. Re6+ Rxe6 43. Nxe6 c3 {
0-1 Chernyshov,K-Lunev,A/St Petersburg 2000/CBM 76 (43)}) 8... Nc6 9. Bb5 Nge7
10. gxf4 gxf4 11. Bxf4 a6 12. Bxc6+ Nxc6 13. Nc3 Qd7 14. Be3 O-O-O 15. Nh4 Rhg8
16. Kh1 Ne7 17. Rxf7 Rdf8 18. Rxf8+ Rxf8 19. Qd2 Qg4 20. Ng2 Qf3 21. Rg1 Nc6
22. Nd1 Qxe4 23. Nf2 Qf3 24. Nxh3 Qxh3 25. Ne1 Rf1 26. c3 Ne7 27. Qg2 Rxg1+ 28.
Bxg1 Qxg2+ 29. Kxg2 Kd7 30. Kf3 Ke6 31. Ng2 b5 32. Kg4 Nd5 33. Ne3 Nf6+ 34. Kf4
c5 35. dxc5 dxc5 36. Bf2 Bf8 37. Nf5 Nd5+ 38. Ke4 Nf6+ {
1/2-1/2 Kortschnoj,V-Malich,B/Amsterdam 1972/MCL (38)}) 6... Bg7 7. c3 c6 (7...
Nc6 8. O-O Bg4 9. Qb3 Bxf3 10. Rxf3 Na5 11. Qa4+ c6 12. Bd3 b5 13. Qc2 Ne7 14.
b4 Nc4 15. Qe2 d5 16. e5 Qd7 17. Nd2 Nf5 18. Bxf5 Qxf5 19. Nxc4 bxc4 20. a4 Qg4
21. Qf2 O-O 22. Ba3 f6 23. b5 Rfe8 24. exf6 Bxf6 25. bxc6 Rac8 26. hxg5 hxg5
27. Bd6 Rxc6 28. Bc5 a6 29. Re1 Re4 30. Rb1 Rce6 31. Rh3 Re2 32. Rb8+ Kg7 33.
Qf3 Rxg2+ {0-1 Medunova,V-Lane,G/Cappelle la Grande 1995/EXT 97 (33)}) 8. Qb3
Qe7 9. O-O Nd7 10. hxg5 hxg5 11. Nxg5 Qxg5 12. Bxf7+ Kd8 $146 (12... Kf8 13.
Bxf4 Qh4 14. Bxd6+ Ne7 15. Bg6+ Nf6 16. Qf7# {
1-0 Sarratt,J-NN/London 1818/EXT 99 (16)}) 13. Bxf4 Qg4 $4 {
allows the opponent back into the game} (13... Qh4 $142 {
Black has the better game} 14. Nd2 Ngf6 $19) 14. Bxg8 $11 (14. Bxd6 $2 {
doesn't work} Ndf6 15. Nd2 Qh4 $19) 14... Bxd4+ 15. cxd4 Rxg8 16. Qf3 Qg7 17.
Qf2 (17. Na3 Qxd4+ 18. Rf2 Nc5 $16) 17... Nf6 (17... Kc7 18. Nc3 Nb6 19. Rfc1
$16) 18. Bg5 Qxg5 19. Qxf6+ Qxf6 20. Rxf6 Ke7 21. Rh6 Rg7 22. Rh8 b6 23. Nc3
Bb7 24. Rxa8 Bxa8 25. Rf1 Bb7 26. Rf4 c5 27. d5 a6 28. Nd1 Rg3 29. Kf2 Rd3 (
29... Rg6 30. Ne3 Bc8 31. Rh4 $18) 30. Ke2 (30. Ne3 $5 Rd2+ 31. Kf3 Bc8 $18)
30... Rg3 31. Ne3 Bc8 32. Kf2 Rg5 (32... Rg6 33. Rh4 $18) 33. Kf3 (33. Rh4 Rg6
$18) 33... b5 (33... Rh5 34. Kg3 $18) 34. b3 (34. Rh4 Rg7 35. g4 Rf7+ 36. Nf5+
Bxf5 37. exf5 b4 $18) 34... a5 (34... Rh5 35. Kg3 $16) 35. Nf5+ (35. Rh4 $142
$5 $18) 35... Bxf5 $16 36. exf5 Kf6 $2 (36... Rh5 $142 $18) 37. g4 Ke5 (37...
Kf7 {otherwise it's curtains at once} 38. Re4 Rg8 $18) 38. f6 Rg8 39. f7 Rf8
40. g5 Kxd5 41. g6 Ke6 42. g7 (42. g7 Rg8 43. fxg8=Q+ Kd7 44. Rf7+ Kc6 45. Qa8+
Kb6 46. Qb7#) 1-0

[Event "SA Candidates"]
[Site "Adelaide"]
[Date "2002.03.26"]
[Round "7.2"]
[White "Lai, Andrew"]
[Black "Takos, Adam"]
[Result "1-0"]
[WhiteElo "1447"]
[BlackElo "1525"]
[Annotator "Fritz 7 - Anderson-Smith,W"]
[PlyCount "71"]
[EventDate "2002.02.12"]
[EventType "swiss"]
[EventRounds "7"]
[EventCountry "AUS"]

{A00: Irregular Openings} 1. a3 Nf6 2. d4 d5 3. Nf3 Bf5 $146 (3... c6 4. e3 Bg4
5. h3 Bh5 6. g4 Bg6 7. Ne5 Nfd7 8. Nxg6 hxg6 9. c4 e6 10. Nd2 Be7 11. Bg2 Na6
12. b3 Nc7 13. Bb2 b5 14. cxd5 cxd5 15. Rc1 Rc8 16. Qe2 a6 17. O-O O-O 18. f4 {
Miles,A-Almasi,Z/Biel 1996/CBM 55/0-1 (55)}) (3... g6 4. e3 Bg7 5. Be2 O-O 6.
O-O Ne4 7. c4 e6 8. Nc3 b6 9. Qc2 Bb7 10. cxd5 exd5 11. b4 Nd6 12. Qb3 c6 13.
b5 cxb5 14. Nxb5 Nc4 15. Nd2 Na5 16. Qa2 Nd7 17. a4 Bc6 18. Ba3 Re8 19. Bb4 Bf8
20. Bxa5 bxa5 21. Rac1 Qb6 22. Rc2 a6 23. Rfc1 Rac8 24. Na7 Qxa7 25. Rxc6 Rxc6
26. Rxc6 Bb4 27. Nf3 Nb8 28. Rc1 Qd7 29. Ne5 Qd6 30. Bf3 Rd8 31. Qxd5 Qxd5 32.
Bxd5 Rxd5 33. Rc8+ Kg7 34. Rxb8 Bd6 35. Re8 Bf8 36. Ra8 Rd6 37. Ra7 Rb6 38. g3
Rb4 39. Nxf7 Kg8 40. d5 Rxa4 41. d6 Ra1+ 42. Kg2 Rd1 43. d7 Be7 44. Ne5 g5 45.
Nc6 Bf6 46. Nd4 {1-0 Markovic,Z-Milanovic,D/Kladovo 1994/EXT 2000 (46)}) 4. Bg5
(4. Bf4) 4... e6 5. Nbd2 Be7 6. c4 c6 7. Qb3 Qb6 8. e3 O-O (8... Qxb3 9. Nxb3
a5 10. Bxf6 Bxf6 11. cxd5 exd5 12. Nc5 $11) 9. Ne5 (9. Qxb6 $142 axb6 10. Nh4
$14) 9... Nbd7 $4 (9... Qxb3 $142 {would bring relief} 10. Nxb3 Bd6 $11) 10.
Nxd7 $18 Nxd7 11. Qxb6 Nxb6 12. Bxe7 Rfe8 13. Bh4 h6 14. Be2 e5 15. dxe5 Rxe5
16. Bg3 Re6 17. Nf3 c5 (17... Be4 {cannot undo what has already been done} 18.
Nd4 Ree8 19. f3 $18) 18. cxd5 Nxd5 19. Bc4 Be4 20. O-O (20. Rd1 {
seems even better} Rd8 21. Ne5 Red6 $18) 20... Rb6 (20... b5 {is no salvation}
21. Bxb5 Rb6 22. Bc4 Rxb2 23. Be5 $18) 21. Nd2 (21. Ne5 $5 {
might be the shorter path} Rxb2 22. f3 Nxe3 23. Bxf7+ Kh7 24. fxe4 Nxf1 25.
Rxf1 Rd8 $18) 21... Nf6 22. Be5 Ng4 23. Bc3 Bc2 24. Rac1 Ba4 25. Ne4 Rg6 26. h3
(26. Nxc5 $142 $5 {makes it even easier for White} Bc6 27. Rfd1 Rc8 $18) 26...
Bc6 27. hxg4 (27. Nxc5 $6 Ne5 {Clearance to allow g6-g2} 28. Bxe5 Rxg2+ 29. Kh1
Rg5+ 30. f3 Rxe5 $18) 27... Bxe4 28. f3 Bc6 29. Rcd1 a6 30. Kf2 b5 31. Bd3 Re6
32. Bf5 Re7 33. Rd6 Bb7 34. Rfd1 g6 (34... Rae8 {does not win a prize} 35. e4
$18) 35. Rd8+ (35. Bf6 $142 {and White wins} Rae8 36. Bd7 Rxe3 37. Bxe8 Rxe8
$18) 35... Rxd8 (35... Re8 {there is nothing else anyway} 36. Rxa8 Rxa8 $18)
36. Rxd8+ (36. Rxd8+ Re8 37. Rxe8+ Kh7 38. Rh8#) 1-0

[Event "SA Candidates"]
[Site "Adelaide"]
[Date "2002.03.26"]
[Round "7.3"]
[White "Amini, Amir"]
[Black "Peake, Michael"]
[Result "1-0"]
[WhiteElo "1644"]
[BlackElo "1530"]
[Annotator "Fritz 7 - Anderson-Smith,W"]
[PlyCount "103"]
[EventDate "2002.02.12"]
[EventType "swiss"]
[EventRounds "7"]
[EventCountry "AUS"]

{D35: Queen's Gambit Declined: Exchange Variation} 1. d4 d5 2. c4 e6 3. cxd5
exd5 4. Nc3 Nf6 5. Bg5 Be7 (5... c6 6. e3 Be7 7. Bd3 Nbd7 8. Qc2 (8. Nge2 Nh5
9. Bxe7 Qxe7 10. g4 Nhf6 11. Ng3 g6 12. h4 Nb6 13. g5 Ng8 14. Kd2 h6 15. f4
hxg5 16. fxg5 Be6 17. Qf3 O-O-O 18. Nge2 Qd7 19. a4 Ne7 20. a5 Nc4+ 21. Bxc4
dxc4 22. a6 b6 23. e4 Kb8 24. Kc2 Nc8 25. Rad1 Nd6 26. Qf4 Ka8 27. Rd2 Qc8 28.
Ra1 Rhe8 29. Ng3 b5 30. d5 cxd5 31. Rad1 Qxa6 32. Nxd5 Bxd5 33. Rxd5 Nb7 34.
Qxf7 Qa4+ 35. Kb1 Rc8 36. Ne2 b4 37. R1d4 Rf8 38. Rxc4 Na5 39. Rxc8+ Rxc8 40.
Rc5 Rxc5 41. Qf8+ Kb7 42. Qxc5 Nb3 43. Qd5+ Kb6 44. e5 Qa1+ 45. Kc2 Nc5 46. Nd4
Qa4+ 47. Kd2 {1-0 Milov,V-Andersson,U/Groningen 1997/CBM 63 (47)}) 8... Nh5 9.
Bxe7 Qxe7 10. Nge2 g6 11. O-O-O f5 12. Kb1 O-O 13. Rde1 Ndf6 14. Nd1 Be6 15. f3
Rae8 16. h3 Ng7 17. g4 Rc8 18. Rhg1 Nd7 19. Nf4 Qd6 20. Nc3 Rce8 21. Nce2 Rf7
22. Ng3 fxg4 23. hxg4 Rxf4 24. exf4 Qxf4 25. Qf2 Rf8 26. Rgf1 Bxg4 27. Re7 Qf6
28. Re2 Qxf3 29. Qxf3 Bxf3 30. Re7 Bg4 31. Rxf8+ Kxf8 32. Re1 Kf7 33. Kc2 h5
34. Ne2 Ne6 35. Kc3 Nf6 36. Rf1 Kg7 37. Nf4 Nxf4 38. Rxf4 g5 39. Rf1 Ne4+ 40.
Kc2 h4 41. Bxe4 dxe4 42. Rg1 h3 43. Rxg4 h2 44. Rxg5+ Kh6 45. Rg8 Kh7 {
0-1 Vaisser,A-Legky,N/France 1996/CBM 55 ext (45)}) 6. e3 Nbd7 7. Bd3 h6 8. Bh4
(8. Bf4 c6 9. h3 Nf8 10. Nf3 Ne6 11. Be5 O-O 12. O-O Bd6 13. Bc2 Re8 14. Re1
Nf8 15. a3 Be6 16. b4 Rc8 17. Qd3 Qe7 18. Bxf6 Qxf6 19. e4 dxe4 20. Nxe4 Qe7
21. Re3 Rcd8 22. Rae1 Qc7 {
Kozul,Z-Ljubojevic,L/Elista 1998/CBM 66 ext/1/2-1/2 (55)}) 8... c6 $146 {
Covers b5} (8... O-O 9. Nge2 c5 10. O-O cxd4 11. exd4 Nb6 12. Rc1 Nh5 13. Bxe7
Qxe7 14. Bb1 Bd7 15. Qd3 g6 16. Qd2 Kg7 17. Nf4 Nxf4 18. Qxf4 Qf6 19. Qxf6+
Kxf6 20. Rfe1 Rfe8 21. f4 Rxe1+ 22. Rxe1 Rc8 23. Kf2 {
Herndl,H-Grillitsch,K/Austria 1993/TD/1/2-1/2 (42)}) (8... b6 9. Nge2 Bb7 10.
f3 Nf8 11. O-O Ne6 12. b4 O-O 13. Rb1 Qd7 14. b5 a6 15. a4 axb5 16. axb5 Ne4
17. Be1 Nxc3 18. Bxc3 Bf6 19. Bc2 Rfe8 20. Qd3 Nf8 21. Ng3 c5 22. Nh5 Bg5 23.
Rfe1 {Sakaev,K-Grishanovich,S/St Petersburg 1997/CBM 58/[Tsesarsky]/1-0 (41)})
9. Nge2 O-O 10. f3 {Controls e4+g4} Ne8 11. Bf2 Nd6 12. Ng3 Nf6 13. Qd2 Be6 14.
O-O Qc7 15. e4 Nfe8 16. e5 {This push gains space} Nc8 17. f4 f5 18. Rac1 Qd7 (
18... Nb6 19. Qd1 $14) 19. Qd1 (19. Na4 b6 $16) 19... Bd8 (19... Nb6 20. Na4
$14) 20. Qc2 (20. Na4 b6 $16) 20... Qf7 21. Nh1 (21. Na4 Ne7 $16) 21... Ne7 22.
Be3 g6 23. b4 a6 {Secures b5} 24. Na4 Ng7 25. Nc5 Rb8 26. a4 Bb6 27. Rb1 Rfc8
28. Rfc1 Kh7 29. Nf2 Ng8 30. Kh1 Qe7 31. Be2 Bd8 32. Nfd3 a5 (32... Bb6 33. b5
axb5 34. axb5 Bxc5 35. dxc5 $16) 33. Bd2 (33. bxa5 $5 Bxa5 34. Rb2 b6 $18)
33... b6 $16 34. Nb3 axb4 35. Bxb4 Qd7 36. Bd6 (36. a5 bxa5 37. Ndc5 Qa7 38.
Bxa5 Bxa5 $18) 36... Ra8 (36... Bc7 $5 37. Bxc7 Qxc7 $16) 37. a5 $18 bxa5 38.
Ndc5 Qe8 39. Ba6 a4 40. Nd2 (40. Bxc8 $6 axb3 41. Qxb3 Rxc8 $16) 40... Rc7 (
40... Rxa6 41. Nxa6 Ra8 42. Nc5 $18) 41. Bxc7 Bxc7 42. Bb7 Ra7 43. Na6 Ba5 44.
Nf3 Bd7 (44... Bc8 45. Bxc6 Qf7 46. Nc5 $18) 45. Qc5 Rxb7 (45... Rxa6 {
what else?} 46. Bxa6 Bc7 $18) 46. Rxb7 Bd8 (46... Bc8 {hardly improves anything
} 47. Rb8 Qd8 48. Qxc6 $18) 47. Rb8 (47. Qa7 $142 {secures the point} Kh8 48.
Rxd7 Be7 $18) 47... Ne6 (47... Ne7 {is not the saving move} 48. Nc7 $3 {
a sacrifice that ends the game} Qg8 49. Qd6 $18) 48. Qa3 (48. Qa7 {
and White can already relax} Ne7 49. Nc5 Nxc5 50. dxc5 Kg8 $18) 48... Qf7 (
48... g5 {is not much help} 49. fxg5 hxg5 50. Nc5 Nxc5 51. dxc5 $18) 49. Qxa4
Be7 50. g3 (50. Rcb1 $142 {keeps an even firmer grip} Be8 51. R1b7 $18) 50...
Bf8 (50... g5 $18 {the only chance to get some counterplay}) 51. Rb7 Qe8 (51...
Kh8 {does not save the day} 52. Nb8 g5 53. Rxd7 $18) 52. Qxc6 (52. Qxc6 Ne7 53.
Rxd7 $18) 1-0